[Event "Fredrikstad CC-ch"]
[Site "Fredrikstad"]
[Date "2002.03.20"]
[Round "8"]
[White "Nilsen, Per Hartvig"]
[Black "Saether, Lars"]
[Result "0-1"]
[WhiteElo "1640"]
[BlackElo "1582"]
[PlyCount "52"]
[EventDate "2002.01.??"]
[EventType "swiss"]
[EventRounds "11"]
[EventCountry "NOR"]
[SourceTitle "EXT 2005"]
[Source "ChessBase"]
[SourceDate "2004.11.15"]
[SourceVersion "1"]
[SourceVersionDate "2004.11.15"]
[SourceQuality "1"]

1. e4 d5 2. exd5 Nf6 3. d4 Nxd5 4. c4 Nf6 5. Nc3 e6 6. Nf3 Be7 7. Bd3 0-0 8. 0-0 b6 9. Qc2 Bb7 10. Be3 Nbd7 11. Rad1 Bxf3 12. gxf3 Qc8 13. Ne4 Rb8 14. Kh1 g6 15. Rg1 Nh5 16. Ng5 Qe8 17. Rg2 Ng7 18. Rdg1 Nf5 19. h4 Nf6 20. Bxf5 exf5 21. Qxf5 gxf5 22. Ne6+ Kh8 23. Bh6 fxe6 24. Bg7+ Kg8 25. Bh6+ Qg6 26. Rxg6+ hxg6 0-1

[Event "Fredrikstad CC-ch"]
[Site "Fredrikstad"]
[Date "2001.04.11"]
[Round "7"]
[White "Ludvigsen, Jan Helge"]
[Black "Nilsen, Per Hartvig"]
[Result "0-1"]
[WhiteElo "1500"]
[BlackElo "1600"]
[PlyCount "84"]
[EventDate "2001.01.??"]
[EventType "swiss"]
[EventRounds "8"]
[EventCountry "NOR"]
[SourceTitle "EXT 2005"]
[Source "ChessBase"]
[SourceDate "2004.11.15"]
[SourceVersion "1"]
[SourceVersionDate "2004.11.15"]
[SourceQuality "1"]

1. e4 e5 2. Nf3 Nc6 3. Bc4 Nf6 4. d4 exd4 5. e5 d5 6. Bb5 Nd7 7. Bxc6 bxc6 8. Nxd4 Nxe5 9. 0-0 c5 10. Re1 cxd4 11. Rxe5+ Be6 12. Qxd4 Be7 13. Qa4+ Qd7 14. Qxd7+ Kxd7 15. Nd2 Bf6 16. Re1 Bf5 17. c3 Rhe8 18. Rxe8 Rxe8 19. Nf3 d4 20. cxd4 Bxd4 21. h3 Bb6 22. Bf4 f6 23. Rd1+ Kc8 24. Kf1 Bd7 25. Nd4 c5 26. Nb3 Bb5+ 27. Kg1 Re2 28. Rd2 c4 29. Rxe2 cxb3 30. Re1 bxa2 31. Be3 Bd3 32. Ra1 Bb1 33. Kf1 Kd7 34. Ke2 Kd6 35. Bxb6 axb6 36. Kd2 Kd5 37. Kc3 f5 38. Kb3 Kd4 39. Rxa2 Bxa2+ 40. Kxa2 f4 41. Kb3 Kd3 42. Kb4 Ke2 0-1

[Event "Hostturnering"]
[Site "Fredrikstad"]
[Date "1993.??.??"]
[Round "?"]
[White "Saether, Lars"]
[Black "Nilsen, Per Hartvig"]
[Result "1-0"]
[WhiteElo "1600"]
[BlackElo "1600"]
[PlyCount "182"]
[EventDate "1993.??.??"]
[EventType "swiss"]
[EventRounds "9"]
[EventCountry "NOR"]
[SourceTitle "EXT 2006"]
[Source "ChessBase"]
[SourceDate "2005.11.24"]
[SourceVersion "1"]
[SourceVersionDate "2005.11.24"]
[SourceQuality "1"]

1. d4 d5 2. Nf3 Nf6 3. Nc3 e6 4. Bg5 Be7 5. h3 Nbd7 6. e3 b6 7. Bd3 Bb7 8. Qe2 c5 9. Ba6 Qc8 10. Bxb7 Qxb7 11. 0-0 0-0 12. Rfe1 Rac8 13. e4 dxe4 14. Nxe4 Nxe4 15. Bxe7 Rfe8 16. Bh4 Ndf6 17. c3 cxd4 18. Nxd4 Nd6 19. Bxf6 gxf6 20. Qh5 Kh8 21. Qh4 Qe7 22. Re2 Rg8 23. Rae1 Rg6 24. f4 Qf8 25. Qf2 f5 26. Nf3 Ne4 27. Qd4+ Qg7 28. Ne5 Rg3 29. Nxf7+ Kg8 30. Qxg7+ Kxg7 31. Ne5 Rg8 32. Rd1 Kf6 33. Rd7 R8g7 34. Kh2 h5 35. Rxg7 Rxg7 36. Re3 h4 37. Rd3 Nc5 38. Rd8 Rh7 39. b3 Ne4 40. c4 Ng3 41. Rf8+ Ke7 42. Ng6+ Kd6 43. Nxh4 Nf1+ 44. Kg1 Rxh4 45. Kxf1 Rxf4+ 46. Ke2 Rh4 47. a3 Rh7 48. Rd8+ Ke5 49. Kf3 Kf6 50. Rd6 Ke5 51. Rd2 Kf6 52. Ke3 e5 53. Rd5 Ke6 54. Kf3 Rh4 55. a4 Rh7 56. a5 Rc7 57. axb6 axb6 58. Rb5 Rc6 59. g4 Kf6 60. h4 fxg4+ 61. Kxg4 Re6 62. c5 bxc5 63. Rxc5 e4 64. Rf5+ Kg6 65. Rf2 e3 66. Re2 Re4+ 67. Kf3 Rxh4 68. Rxe3 Kf5 69. Ke2 Rb4 70. Kd2 Kf4 71. Rh3 Ke5 72. Kc3 Rb8 73. Rd3 Rc8+ 74. Kb2 Rc5 75. b4 Rd5 76. Rc3 Rb5 77. Kb3 Kd6 78. Ka4 Rb8 79. b5 Ra8+ 80. Kb4 Ra1 81. b6 Rb1+ 82. Ka5 Ra1+ 83. Kb5 Rb1+ 84. Ka6 Ra1+ 85. Kb7 Rb1 86. Ka7 Ra1+ 87. Kb8 Rb1 88. Kb7 Rb2 89. Rc1 Rb3 90. Rd1+ Kc5 91. Kc7 Rh3 1-0